| 000 | 01133nam a2200265 i 4500 | ||
|---|---|---|---|
| 001 | 72322 | ||
| 003 | ES-MaACL | ||
| 005 | 20250828113017.0 | ||
| 007 | t| | ||
| 008 | 040830q1913 sp |||| | spa d | ||
| 100 | 1 |
_aGiner de los Ríos, Francisco, _d1839-1915 _957122 |
|
| 245 | 1 | 0 |
_aEnsayos sobre educación / _cpor Francisco Giner de los Ríos ; Este es un libro de paz, M.B.C. |
| 260 |
_aMadrid : _bLa Lectura, _c[ca. 1913] |
||
| 300 |
_aXV, 354 p. ; _c23 cm. |
||
| 490 | 1 | _aCiencia y educación. Sección general | |
| 505 | 8 | _aContiene: Este es un libro de paz / M.B.C. . Parte primera: La educación en la Institución Libre de Enseñanza ; Parte segunda: Teorías ; Parte tercera: Política pedagógica | |
| 530 | _aDisponible en formato digital. | ||
| 610 | 2 | 4 |
_aInstitución Libre de Enseñanza. _94724 |
| 650 | 7 |
_aEducación _2embne _912073 |
|
| 830 | 1 | 0 |
_aCiencia y educación (La Lectura) _9181469 |
| 852 |
_aES-MaACL _jB-4732 _cSPB _zRevisado enlace: 22 de julio de 2025 |
||
| 856 | 4 |
_uhttp://bdh-rd.bne.es/viewer.vm?id=0000202921&page=1 _yBiblioteca Digital Hispánica |
|
| 942 | _2udc | ||
| 999 |
_c72322 _d72322 |
||